जय वासुदेव / (Record no. 114524)

MARC details
000 -LEADER
fixed length control field 00857nam a22002537a 4500
005 - DATE AND TIME OF LATEST TRANSACTION
control field 20170124103009.0
010 ## - LIBRARY OF CONGRESS CONTROL NUMBER
LC control number 146552
020 ## - INTERNATIONAL STANDARD BOOK NUMBER
Terms of availability 00.00
035 ## - SYSTEM CONTROL NUMBER
System control number 146552
037 ## - SOURCE OF ACQUISITION
Source of stock number/acquisition Cen Lib/Ret
040 ## - CATALOGING SOURCE
Original cataloging agency DPL
Language of cataloging HN
082 ## - DEWEY DECIMAL CLASSIFICATION NUMBER
Classification number
Item number भटना
100 ## - MAIN ENTRY--PERSONAL NAME
Personal name भटनागर, रामरतन
9 (RLIN) 57162
245 ## - TITLE STATEMENT
Title जय वासुदेव /
Statement of responsibility, etc रामरतन भटनागर
246 ## - VARYING FORM OF TITLE
Title proper/short title Jai vasudev /
Remainder of title by Ramratan Bhatanagar
260 ## - PUBLICATION, DISTRIBUTION, ETC. (IMPRINT)
Place of publication, distribution, etc इलाहाबाद
Name of publisher, distributor, etc किताब महल
Date of publication, distribution, etc 1959
270 ## - ADDRESS
City इलाहाबाद
300 ## - PHYSICAL DESCRIPTION
Extent 172पृ.
Dimensions 17सेमी (सजिल्द)
650 ## - SUBJECT ADDED ENTRY--TOPICAL TERM
Topical term or geographic name as entry element हिन्दी साहित्य
9 (RLIN) 57163
650 ## - SUBJECT ADDED ENTRY--TOPICAL TERM
Topical term or geographic name as entry element उपन्यास
9 (RLIN) 57164
650 ## - SUBJECT ADDED ENTRY--TOPICAL TERM
Topical term or geographic name as entry element Hindi literature
9 (RLIN) 57165
650 ## - SUBJECT ADDED ENTRY--TOPICAL TERM
Topical term or geographic name as entry element Fiction
9 (RLIN) 8901
942 ## - ADDED ENTRY ELEMENTS (KOHA)
Source of classification or shelving scheme Dewey Decimal Classification
Koha item type Hindi Books
Classification part
Call number suffix भटना
Holdings
Withdrawn status Lost status Damaged status Not for loan Home library Current library Date acquired Source of acquisition Cost, normal purchase price Total Checkouts Full call number Barcode Date last seen Date checked out Copy number Cost, replacement price Price effective from Koha item type
        Central Library Central Library 18/08/2015 Cen Lib/Ret 0.00 1 उ भटना 146552 15/04/2018 31/03/2018 1 0.00 18/08/2015 Hindi Books

© Delhi Public Library
Hit Counter
free hit counter